Statystyki dla Państwa graniczące z państwami na literę I (z mapą!)

Kliknij tutaj aby rozwiązać quiz!

Ogólne statystyki

  • Ten quiz został rozwiązany 224 razy
  • Średni wynik to 18 z 23

Odpowiedzi na mapie

Odpowiedzi skodowane kolorowo w zielono-czerwonej skali na mapie do tego quizu, zgodnie z poniższymi procentami.
 

Statystyki odpowiedzi

Państwo% Poprawnych
Pakistan
91%
Syria
88%
Nepal
85%
Arabia Saudyjska
84%
Chiny
84%
Afganistan
83%
Jordania
83%
Turcja
83%
Wielka Brytania
83%
Bangladesz
82%
Bhutan
76%
Iran
74%
Kuwejt
72%
Turkmenistan
72%
Turkmenistan
72%
Armenia
71%
Mjanma
71%
Azerbejdżan
69%
Malezja
69%
Egipt
68%
Liban
67%
Timor Wschodni
64%
Papua-Nowa
Gwinea
63%

Rozkład punktacji

Percentyl według liczby udzielonych odpowiedzi

Procent ludzi z każdym wynikiem

Twoja historia wyników

Nie rozwiązałeś tego quizu